000
00278nam a22001097a 4500
008
170104b xxu||||| |||| 00| 0 eng d
020
_a
9780323016100
041
_a
eng
080
_2
6TH
_a
618.2
245
_a
MEDICAL SURGICAL NURSING
_c
LEWIS & HEITKEMPER & DIRKSEN
942
_2
udc
_c
BK
999
_c
2535
_d
2535